5HLuxD.jpg

KING HENRY VIII SENIOR AND PRIMARY SCHOOL LIBRARY OPAC

Expo 3: (Record no. 3183)

000 -LEADER
fixed length control field 00580nam a22001817a 4500
003 - CONTROL NUMBER IDENTIFIER
control field OSt
005 - DATE AND TIME OF LATEST TRANSACTION
control field 20231031111810.0
008 - FIXED-LENGTH DATA ELEMENTS--GENERAL INFORMATION
fixed length control field 231031b ||||| |||| 00| 0 eng d
020 ## - INTERNATIONAL STANDARD BOOK NUMBER
International Standard Book Number 9780435393403
040 ## - CATALOGING SOURCE
Transcribing agency KH8
082 ## - DEWEY DECIMAL CLASSIFICATION NUMBER
Classification number 400 BEL
100 ## - MAIN ENTRY--PERSONAL NAME
Personal name Bell, Clive,
Relator term author.
245 ## - TITLE STATEMENT
Title Expo 3:
Remainder of title Vert Workbook /
Statement of responsibility, etc. Clive Bell.
260 ## - PUBLICATION, DISTRIBUTION, ETC.
Place of publication, distribution, etc. Harlow ;
Name of publisher, distributor, etc. Heinemann Educational Books,
Date of publication, distribution, etc. 2008.
300 ## - PHYSICAL DESCRIPTION
Dimensions 7.68 x 0.79 x 10.43 inches.
520 ## - SUMMARY, ETC.
Summary, etc. Expo 3 Vert is a fully differentiated Key Stage 3 French course packed with content your pupils will enjoy learning.
942 ## - ADDED ENTRY ELEMENTS (KOHA)
Source of classification or shelving scheme
Koha item type Teaching Resources
Holdings
Withdrawn status Lost status Source of classification or shelving scheme Damaged status Not for loan Collection code Permanent Location Current Location Shelving location Date acquired Full call number Barcode Date last seen Price effective from Koha item type
          Teaching Resources KH8 Senior School Library KH8 Senior School Library Staff Office 2023-10-31 400 BEL TRKHSL004919 2023-10-31 2023-10-31 Teaching Resources
          Teaching Resources KH8 Senior School Library KH8 Senior School Library Staff Office 2023-10-31 400 BEL TRKHSL004920 2023-10-31 2023-10-31 Teaching Resources
          Teaching Resources KH8 Senior School Library KH8 Senior School Library Staff Office 2023-10-31 400 BEL TRKHSL004921 2023-10-31 2023-10-31 Teaching Resources
          Teaching Resources KH8 Senior School Library KH8 Senior School Library Staff Office 2023-10-31 400 BEL TRKHSL004922 2023-10-31 2023-10-31 Teaching Resources

Powered By KH8 IT Dept